000
00271nam a2200109Ia 4500
001
588756
005
20250717120837.0
008
250717s9999 xx 000 0 und d
245
0
_a
Z-2 MEZARLIKTAKİ HAZİNE
_c
AHMET TEZCAN
260
_b
ERDEM YAYINLARI
_c
2017
300
_b
96
999
_c
588756
_d
588756